[Event "45th Olympiad 2024"]
[Site "Budapest HUN"]
[Date "2024.09.22"]
[Round "11.56"]
[Board "1"]
[White "Ssegwanyi, Arthur"]
[Black "Mafaaz Khalid"]
[Result "0-1"]
[WhiteElo "2365"]
[BlackElo "2069"]
[PlyCount "140"]
[EventDate "2024.09.11"]
[WhiteTeam "Uganda"]
[BlackTeam "Pakistan"]
[WhiteTeamCountry "UGA"]
[BlackTeamCountry "PAK"]

1. e4 e5 2. Nf3 Nc6 3. Nc3 Nf6 4. Bb5 Nd4 5. O-O Nxb5 6. Nxb5 c6 7. Nc3 d6 8. d4 Qc7 9. a4 Bg4 ({RR} 9... Be7 10. h3 O-O 11. Re1 Re8 12. Bg5 h6 13. Bh4 b6 14. d5 Bb7 15. Bxf6 Bxf6 16. Re2 c5 17. a5 Ba6 18. Re1 b5 19. Ne2 g6 20. g4 b4 21. Ng3 c4 22. Qd2 c3 23. bxc3 Qxc3 24. Qxc3 {½-½ Caruana,F (2766)-Carlsen,M (2859) chess.com SpeedChess 2022 (2.54)}) ({RR} 9... Be7 10. a5 O-O 11. Bg5 h6 12. Bxf6 Bxf6 13. d5 Bg4 14. Qd3 c5 15. Nd2 a6 16. Nc4 Bg5 17. f3 Bh5 18. g3 Bg6 19. f4 exf4 20. gxf4 Bf6 21. Rae1 Rae8 22. Qf3 Bd4+ 23. Kh1 f5 24. e5 {1-0 Chabris,C (2054)-Tabuenca Mendataurigoitia,D (2365) Titled Tue 19th Mar Late 2024 (3)}) 10. Be3 Be7 11. h3 Bh5 12. Qe2 $146 ({RR} 12. a5 O-O 13. dxe5 dxe5 14. Ra4 b5 15. axb6 axb6 16. Rxa8 Rxa8 17. Bg5 b5 18. Bxf6 Bxf6 19. Qd3 Be7 20. Qe3 f6 21. Nh4 Bf7 22. Nf5 Bf8 23. Rd1 Be6 24. b3 Qa5 25. Ng3 Rd8 26. Rxd8 Qxd8 {½-½ Rakhmatullaev,A (2321)-Yavuz,E (2215) World ol U16 2022 (6.3)}) 12... Nd7 13. a5 O-O 14. Rfd1 exd4 15. Bxd4 Rfe8 16. Qd3 Qd8 17. Ne2 Bf8 18. Nf4 Bxf3 19. Qxf3 Qg5 20. Nd3 Qb5 21. Bc3 Qc4 22. Re1 b5 23. axb6 axb6 24. Qg4 Qe6 25. f3 b5 26. Nb4 c5 27. Nd5 b4 28. Bd2 Nf6 29. Qxe6 fxe6 30. Nb6 Rab8 31. Ra6 Red8 32. Bf4 Ne8 33. b3 Nc7 34. Ra7 Nb5 35. Ra6 Nd4 36. Bg5 Nxc2 37. Bxd8 Nxe1 38. Bh4 Nc2 39. Nd7 Rb7 40. Nxf8 Kxf8 41. Bg3 c4 42. Bxd6+ Kf7 43. Ra2 cxb3 44. Rb2 Rd7 45. e5 Nd4 46. Kf2 Rb7 47. g4 Rb5 48. f4 Ra5 49. Bxb4 Ra2 50. Bc3 Nb5 51. Rxa2 bxa2 52. Bb2 Na3 53. Ke2 Nc4 54. Ba1 g6 55. Kd3 Nb6 56. Ke4 Nd5 57. Bb2 Nb4 58. Kd4 Ke7 59. Kc3 Nd5+ 60. Kb3 Nxf4 61. h4 Ng2 62. h5 gxh5 63. gxh5 Nf4 64. h6 Kf7 65. Kxa2 Kg6 66. Kb3 Kxh6 67. Kc4 Kg5 68. Kd4 Kg4 69. Ke3 h5 70. Ba3 Kg3 0-1

[Event "45th Olympiad 2024"]
[Site "Budapest HUN"]
[Date "2024.09.22"]
[Round "11.56"]
[Board "2"]
[White "Amer Karim"]
[Black "Kawuma, Patrick"]
[Result "1/2-1/2"]
[WhiteElo "2081"]
[BlackElo "2207"]
[PlyCount "139"]
[EventDate "2024.09.11"]
[WhiteTeam "Pakistan"]
[BlackTeam "Uganda"]
[WhiteTeamCountry "PAK"]
[BlackTeamCountry "UGA"]

1. d4 Nf6 2. c4 c5 3. Nf3 cxd4 4. Nxd4 b6 5. Nc3 Bb7 6. Qc2 e6 7. Bg5 d6 8. e4 Nbd7 ({RR} 8... Be7 9. O-O-O Nbd7 10. Ndb5 Qb8 11. Qd2 h6 12. Bh4 Nc5 13. Bxf6 gxf6 14. f3 Bc6 15. Nxd6+ Kf8 16. Ndb5 a6 17. Nd4 Be8 18. g3 b5 19. cxb5 axb5 20. Bxb5 Bxb5 21. Ndxb5 Rxa2 22. Qc2 Ra5 23. b4 {0-1 Glyants,M (1799)-Denishev,M (2172) Dzhubga Rapid 2023 (4.15)}) 9. Be2 a6 10. O-O Be7 11. Rfd1 $146 ({RR} 11. f3 Rc8 12. Qd2 Qc7 13. Rac1 Qb8 14. Rfd1 O-O 15. b3 Rfe8 16. Nc2 Qa8 17. Ne3 Red8 18. Qe1 h6 19. Bh4 Ne5 20. f4 Ng6 21. Bxf6 Bxf6 22. f5 Ne5 23. Ng4 Nxg4 24. Bxg4 Bxc3 25. Rxc3 exf5 {1-0 Schuette,M (1744)-Beesk,K (2000) GER-ch Net blitz qual3 2021 (10)}) 11... Qc7 12. Rac1 O-O 13. b3 Rac8 14. a4 Rfe8 15. h3 Nxe4 16. Bxe7 Nxc3 17. Bxd6 Nxe2+ 18. Nxe2 Qc6 19. f3 e5 20. Ng3 Re6 21. Ba3 Nc5 22. b4 Qxa4 23. Qxa4 Nxa4 24. Nf5 g6 25. Nd6 Rc7 26. Nxb7 Rxb7 27. Rd8+ Kg7 28. Ra8 b5 29. c5 Rc6 30. Rd1 Kf6 31. Rd3 Ke7 32. Bc1 Rd7 33. Bg5+ f6 34. Rxd7+ Kxd7 35. Ra7+ Ke6 36. Bh6 Nb2 37. Rxh7 g5 38. h4 gxh4 39. Bd2 Nc4 40. Be1 h3 41. Rxh3 a5 42. bxa5 Ra6 43. f4 Kd5 44. fxe5 fxe5 45. Bb4 e4 46. Bc3 Nxa5 47. g4 Nc6 48. g5 Kxc5 49. g6 Nd4 50. Bxd4+ Kxd4 51. Rg3 Ra8 52. Kf2 Rg8 53. g7 b4 54. Rg6 b3 55. Rb6 Kc3 56. Rc6+ Kd2 57. Rd6+ Kc2 58. Rc6+ Kb1 59. Rb6 b2 60. Rb7 Ra8 61. Ra7 Rg8 62. Ke2 Rc8 63. Rc7 Ra8 64. Ra7 Rg8 65. Rb7 Kc2 66. Rc7+ Kb3 67. Rb7+ Kc3 68. Ke3 Rc8 69. Kxe4 Kc2 70. Kf5 1/2-1/2

[Event "45th Olympiad 2024"]
[Site "Budapest HUN"]
[Date "2024.09.22"]
[Round "11.56"]
[Board "3"]
[White "Egesa emmanuel"]
[Black "Momin Fayzan"]
[Result "1/2-1/2"]
[WhiteElo "2128"]
[BlackElo "2064"]
[PlyCount "84"]
[EventDate "2024.09.11"]
[WhiteTeam "Uganda"]
[BlackTeam "Pakistan"]
[WhiteTeamCountry "UGA"]
[BlackTeamCountry "PAK"]

1. d4 Nf6 2. c4 e6 3. Nf3 b6 4. g3 Bb7 5. Bg2 Bb4+ 6. Bd2 Bxd2+ 7. Nbxd2 O-O 8. Qc2 c5 9. e4 ({RR} 9. dxc5 bxc5 10. O-O Nc6 11. Rfd1 Qe7 12. Rac1 Rfd8 13. Ne4 Nb4 14. Nxf6+ Qxf6 15. Qb1 d6 16. Ng5 Qxg5 17. Bxb7 Rab8 18. Bg2 Rb6 19. Rc3 Qf6 20. Ra3 Rd7 21. Rd2 g6 22. Qd1 Qd8 23. Ra5 Qc7 {½-½ Sadhwani,R (2654)-Sanal,V (2566) 7th Sharjah Masters 2024 (9.23)}) ({RR} 9. dxc5 bxc5 10. O-O d6 11. Rfd1 Nc6 12. a3 Qc7 13. Qc3 Rfd8 14. b4 cxb4 15. axb4 a6 16. Nb3 Qb6 17. c5 Qxb4 18. Qxb4 Nxb4 19. cxd6 Bd5 20. Nc5 Rxd6 21. Ne5 Rdd8 22. e4 Bc6 23. Rxd8+ Rxd8 {0-1 Kurmangaliyeva,L (2230)-Ilkhomi,J (2131) Titled Tue 16th Apr Late 2024 (2)}) 9... cxd4 10. Nxd4 d6 11. O-O a6 $146 ({RR} 11... Qe7 12. Rad1 Nc6 13. Nxc6 Bxc6 14. Nb3 Rac8 15. Nd4 Ba8 16. Qe2 Rfd8 17. b3 a6 18. g4 g6 19. Rd3 Qc7 20. g5 Nh5 21. Qg4 e5 22. Ne2 Qd7 23. Qh4 Rc7 24. Bf3 f5 25. gxf6 Qe6 26. f7+ {1-0 Klemm,D (2218)-Hutschenreiter,J (2003) Oberliga Ost-A 1213 2012 (6.7)}) 12. Rfd1 Nbd7 13. Rac1 Qc7 14. Qd3 Rac8 15. b3 Rfe8 16. h3 Qb8 17. Nc2 Nc5 18. Qd4 e5 19. Qe3 Qa8 20. Re1 b5 21. Qe2 bxc4 22. Nxc4 Qb8 23. Nd2 d5 24. exd5 e4 25. Nb4 Nxd5 26. Nxd5 Bxd5 27. Red1 Qb4 28. Nf1 Be6 29. Qe3 f5 30. Qd4 a5 31. Ne3 Nd3 32. Qxb4 Nxb4 33. Ra1 Red8 34. Rxd8+ Rxd8 35. Bf1 Rd2 36. Bc4 Bxc4 37. Nxc4 Rd5 38. a3 Nc2 39. Rb1 Rb5 40. Nd6 Rd5 41. Rc1 Rxd6 42. Rxc2 Rd3 1/2-1/2

[Event "45th Olympiad 2024"]
[Site "Budapest HUN"]
[Date "2024.09.22"]
[Round "11.56"]
[Board "4"]
[White "Mudasir, Iqbal"]
[Black "Nsubuga, Haruna"]
[Result "1-0"]
[WhiteElo "2055"]
[BlackElo "2243"]
[PlyCount "81"]
[EventDate "2024.09.11"]
[WhiteTeam "Pakistan"]
[BlackTeam "Uganda"]
[WhiteTeamCountry "PAK"]
[BlackTeamCountry "UGA"]

1. e4 c6 2. d4 d5 3. f3 e6 4. Nc3 Bb4 5. Bf4 dxe4 6. fxe4 Nf6 7. Qd3 Qa5 8. Nge2 b6 9. Bxb8 Rxb8 10. Qg3 Ke7 $146 ({RR} 10... Nxe4 11. Qxb8 O-O 12. Qe5 c5 13. Qxe4 Ba6 14. O-O-O Bxe2 15. Bxe2 Bxc3 16. bxc3 Qxc3 17. Qd3 Qa1+ 18. Kd2 Qxa2 19. Qb3 Qa5+ 20. Qc3 Qa4 21. Ke1 g6 22. Rf1 Rc8 23. Qf3 Rf8 24. d5 exd5 25. Rxd5 {1-0 Lapin,P (1917)-Sosnin,M (2081) Krasnoyarsk-ch 2014 (8)}) 11. Qxb8 Bd6 12. Qa8 Bb4 13. Qxc6 Bd7 14. Qc7 Bd6 15. Qc4 Nxe4 16. Qd3 f5 17. Ng3 Rc8 18. Ngxe4 fxe4 19. Qe3 Bb4 20. Kd1 Bxc3 21. bxc3 Rxc3 22. Qxe4 Ba4 23. Bd3 Qh5+ 24. g4 Qh3 25. Kd2 Bc6 26. Qe3 Qxe3+ 27. Kxe3 Bxh1 28. Rxh1 Ra3 29. Ra1 h6 30. h4 b5 31. Kf4 a6 32. Ke5 b4 33. Bc4 g5 34. hxg5 hxg5 35. Bb3 a5 36. Rh1 a4 37. Rh7+ Kf8 38. Bxe6 Re3+ 39. Kf6 Rf3+ 40. Bf5 Kg8 41. Rb7 1-0

[Event "45th Olympiad 2024"]
[Site "Budapest HUN"]
[Date "2024.09.22"]
[Round "11.57"]
[Board "1"]
[White "Andrade, Ivan"]
[Black "Tissir, Mohamed"]
[Result "0-1"]
[WhiteElo "2132"]
[BlackElo "2355"]
[PlyCount "78"]
[EventDate "2024.09.11"]
[WhiteTeam "Mozambique"]
[BlackTeam "Morocco"]
[WhiteTeamCountry "MOZ"]
[BlackTeamCountry "MAR"]

1. e4 c5 2. Nf3 Nc6 3. Bb5 Na5 4. O-O a6 5. Bd3 b5 6. Re1 e6 7. c3 $146 ({RR} 7. Bf1 Bb7 8. d4 cxd4 9. Nxd4 Nf6 10. e5 Nd5 11. Nd2 Be7 12. N2f3 O-O 13. c3 d6 14. Bd3 Nc4 15. exd6 Nxd6 16. Ne5 Qc7 17. Qh5 Nf6 18. Qh3 g6 19. Bh6 Rfe8 20. Nxe6 fxe6 21. Qxe6+ Kh8 {1-0 Novik,M (2409)-Barria Zuniga,D (2341) Titled Tue 30th Jul Late 2024 (9)}) 7... Bb7 8. Bc2 Rc8 9. d3 Qc7 10. Nbd2 Be7 11. Nf1 Nf6 12. Bg5 h6 13. Bh4 d6 14. h3 O-O 15. Rc1 Nh7 16. Bg3 Nc6 17. Ne3 Rfd8 18. Bb1 Qb6 19. Qe2 Nf6 20. Red1 Re8 21. d4 cxd4 22. cxd4 Nxd4 23. Nxd4 Rxc1 24. Rxc1 Qxd4 25. f3 Nh5 26. Bf2 Nf4 27. Qf1 Qxb2 28. Rc2 Qa3 29. Rc7 Ba8 30. g3 Ng6 31. f4 Qa5 32. Qc1 Bf8 33. Qc2 Bxe4 34. Qxe4 Qxc7 35. f5 d5 36. Nxd5 Qc1+ 37. Kh2 exd5 38. Qxe8 Qxb1 39. fxg6 Qxg6 0-1

[Event "45th Olympiad 2024"]
[Site "Budapest HUN"]
[Date "2024.09.22"]
[Round "11.57"]
[Board "2"]
[White "Elbilia, Jacques"]
[Black "Jamal, Hamid Harmon Gulamo"]
[Result "1-0"]
[WhiteElo "2343"]
[BlackElo "1959"]
[PlyCount "131"]
[EventDate "2024.09.11"]
[WhiteTeam "Morocco"]
[BlackTeam "Mozambique"]
[WhiteTeamCountry "MAR"]
[BlackTeamCountry "MOZ"]

1. d4 Nf6 2. c4 g6 3. Nc3 Bg7 4. e4 d6 5. Nf3 O-O 6. h3 e5 7. d5 a5 8. Bg5 h6 9. Be3 Na6 10. g4 ({RR} 10. Nd2 Nh7 11. Be2 f5 12. f3 f4 13. Bf2 Nf6 14. Nf1 Nh5 15. Qd2 Kh7 16. O-O-O Bd7 17. Kb1 Qe7 18. Rc1 Bf6 19. Qe1 Nc5 20. Nd2 a4 21. Ka1 Ra6 22. Ndb1 Rfa8 23. Na3 Rg8 24. Kb1 Raa8 {1-0 Kuzubov,Y (2622)-Maximov,D (2497) UKR-ch 77th Poltava 2008 (5)}) 10... h5 11. g5 Nh7 12. Rg1 ({RR} 12. Bd3 Nc5 13. Bc2 Bd7 14. Qe2 f6 15. gxf6 Qxf6 16. Nd2 Ng5 17. Bxg5 Qxg5 18. O-O-O Kh7 19. Rdg1 Qf4 20. Rg2 Rf6 21. f3 Bh6 22. Bd1 Raf8 23. Kc2 Qh4 24. Qf2 Rf4 25. Qg3 Qxg3 26. Rxg3 Rh4 {0-1 Aditri Shome (1620)-Jesumarian,R (1866) 40th World Junior Girls 2024 (6.36)}) 12... f5 $146 ({RR} 12... c6 13. Qd2 c5 14. Rg3 Bd7 15. Qd1 Nc7 16. a4 Re8 17. Be2 Bf8 18. Kd2 Be7 19. Qg1 Kg7 20. Nh4 Rh8 21. Qg2 Nf8 22. f4 exf4 23. Bxf4 Kg8 24. Nf5 h4 25. Nxe7+ Qxe7 26. Re3 Qd8 27. Bxd6 {1-0 Garcia Martinez,S (2445)-Martin Del Campo C,J (2288) Carlos Torre Memorial op 12th 1999 (7)}) ({RR} 12... c6 13. Na4 c5 14. Nc3 Bd7 15. h4 Nc7 16. a4 Na6 17. Rg3 f5 18. gxf6 Rxf6 19. Ng5 Qf8 20. Qd2 Nb4 21. Nb5 Nxg5 22. Bxg5 Rf3 23. Be7 Qxe7 24. Rxf3 Qxh4 25. Nxd6 Bf8 26. Rxf8+ Rxf8 27. Nxb7 {0-1 Hawkins,J-Coathup,R (2134) Durham op 2003 (5)}) ({RR} 12... Kh8 13. Nh4 Bd7 14. Be2 Nc5 15. Bxh5 gxh5 16. Bxc5 dxc5 17. Qxh5 Kg8 18. O-O-O Ra6 19. d6 Rxd6 20. Rxd6 cxd6 21. Nf5 Bxf5 22. exf5 Re8 23. Nd5 e4 24. Qh4 Re5 25. Nf6+ Kf8 26. Nxh7+ Ke8 27. f6 {1-0 Trapl,J (2345)-Pokrupa,M (2145) CZE-chT1a 9697 1996}) 13. h4 b6 14. Be2 Nc5 15. Nd2 Qd7 16. Rh1 Na6 17. f3 Nc5 18. Qc2 Rf7 19. O-O-O f4 20. Bf2 Nf8 21. b3 Ba6 22. a3 Bb7 23. Kb2 Qe8 24. Ra1 c6 25. Rhc1 Nfd7 26. Bf1 Kh7 27. Qd1 cxd5 28. cxd5 Ba6 29. Bxa6 Rxa6 30. Qe2 Nb8 31. Nb5 Bf8 32. b4 axb4 33. axb4 Rxa1 34. Rxa1 Nca6 35. Kb3 Rb7 36. Qc4 Qd7 37. Rc1 Nc5+ 38. Kc2 Nca6 39. Kd1 Be7 40. Ke2 Bd8 41. Nb1 Nc7 42. N1a3 Kg7 43. Qd3 Kf8 44. Rc2 Nca6 45. Be1 Ke7 46. Qc4 Nc7 47. Qd3 Nca6 48. Rc4 Qh3 49. Bf2 Qd7 50. Qc3 Bc7 51. Rc6 Qd8 52. Nxc7 Nxc6 53. Nxa6 Nb8 54. Nxb8 Rxb8 55. Qc6 b5 56. Nxb5 Qd7 57. Na7 Rxb4 58. Nc8+ Ke8 59. Nxd6+ Ke7 60. Nf5+ Ke8 61. Qxg6+ Kd8 62. Qd6 Rb2+ 63. Kf1 Rb1+ 64. Kg2 Rb2 65. Qxd7+ Kxd7 66. Ng7 1-0

[Event "45th Olympiad 2024"]
[Site "Budapest HUN"]
[Date "2024.09.22"]
[Round "11.57"]
[Board "3"]
[White "Napoleao, Lourenco"]
[Black "Moayad, Anas"]
[Result "1-0"]
[WhiteElo "1913"]
[BlackElo "2016"]
[PlyCount "101"]
[EventDate "2024.09.11"]
[WhiteTeam "Mozambique"]
[BlackTeam "Morocco"]
[WhiteTeamCountry "MOZ"]
[BlackTeamCountry "MAR"]

1. d4 Nf6 2. Nf3 e6 3. Bf4 b6 4. e3 Bb7 5. Nbd2 Be7 6. h3 c5 7. Nc4 ({RR} 7. Be2 Nc6 8. c3 O-O 9. O-O cxd4 10. exd4 Nd5 11. Bg3 f5 12. Re1 Nf6 13. Ne5 Qc8 14. Bf3 Nxe5 15. Bxe5 Bxf3 16. Qxf3 Nd5 17. c4 Nb4 18. Qb3 Nc6 19. Nf3 Na5 20. Qe3 Nxc4 21. Qe2 Nxe5 {½-½ Appel,R (2495)-Kasparov,G (2825) Internet blitz 5' 1998}) ({RR} 7. Bd3 cxd4 8. exd4 a6 9. a4 O-O 10. O-O d6 11. Re1 Re8 12. Bh2 Bf8 13. c3 Nbd7 14. Nc4 Qc7 15. Ne3 Bc6 16. Nc2 Qb7 17. Nb4 Bxf3 18. Qxf3 Qxf3 19. gxf3 Nb8 20. Rac1 Rc8 21. Kf1 g6 {½-½ Alimpic,A (2249)-Ostojic,N (2248) RUDAR 28 IM 2024 (4.2)}) 7... d5 $146 ({RR} 7... cxd4 8. exd4 d6 9. Bd3 Nc6 10. c3 O-O 11. O-O b5 12. Ne3 a6 13. a4 b4 14. c4 Nxd4 15. Nxd4 e5 16. Bg5 exd4 17. Nf5 d5 18. Re1 Bc5 19. Rc1 dxc4 20. Bxc4 Qb6 21. Qd3 Qc6 22. Qg3 {1-0 Tahaoglu,U (1898)-Jevtic,M (2340) Novi Sad-Turkey 2018 (7)}) ({RR} 7... cxd4 8. exd4 O-O 9. Be2 b5 10. Ncd2 a6 11. O-O d6 12. a4 b4 13. Bh2 Nc6 14. Bd3 Re8 15. Re1 Bf8 16. Ne4 e5 17. dxe5 dxe5 18. Qe2 Nd5 19. Bc4 f5 20. Ng3 f4 21. Ne4 Na5 22. Ba2 {0-1 Asavasaetakul,C (1948)-Bortnyk,M (2463) New York Summer IM-C 2022 (7)}) 8. Nce5 O-O 9. c3 Ne4 10. Nd2 f6 11. Nef3 Nxd2 12. Qxd2 Bd6 13. Bb5 Nc6 14. O-O Qc7 15. dxc5 bxc5 16. Bxd6 Qxd6 17. e4 Ne5 18. Nxe5 fxe5 19. a4 Rad8 20. Rad1 Rf4 21. Rfe1 Rdf8 22. f3 c4 23. Qf2 Qc7 24. Qxa7 Qf7 25. exd5 exd5 26. Qe3 e4 27. fxe4 Rxe4 28. Qg3 Rf4 29. Rd2 Rf6 30. Ree2 Rg6 31. Qe5 h6 32. Kh2 Kh8 33. Be8 Re6 34. Bxf7 Rxe5 35. Rxe5 Rxf7 36. Rde2 Bc6 37. Re7 Rf1 38. a5 Ra1 39. Rc7 Bb5 40. Rc5 Ba4 41. Rxd5 Bb3 42. Kg3 Kg8 43. Kf4 Kf7 44. Ke5 Ke7 45. Kd4+ Kf7 46. Rb5 g5 47. Kc5 Kf6 48. Kb6 h5 49. a6 Rd1 50. a7 Rd8 51. Kc7 1-0

[Event "45th Olympiad 2024"]
[Site "Budapest HUN"]
[Date "2024.09.22"]
[Round "11.57"]
[Board "4"]
[White "NAIT ELASRI BRAHIM"]
[Black "Farisse, Joao"]
[Result "1/2-1/2"]
[WhiteElo "1994"]
[BlackElo "1851"]
[PlyCount "165"]
[EventDate "2024.09.11"]
[WhiteTeam "Morocco"]
[BlackTeam "Mozambique"]
[WhiteTeamCountry "MAR"]
[BlackTeamCountry "MOZ"]

1. e4 e5 2. Nf3 Nc6 3. Bb5 a6 4. Ba4 Nf6 5. O-O d6 6. Re1 Bd7 7. c3 g6 8. d4 Bg7 9. Bxc6 Bxc6 10. dxe5 Nxe4 11. exd6 O-O 12. Bf4 ({RR} 12. dxc7 Qxc7 13. Be3 Rfe8 14. Nbd2 Nxd2 15. Nxd2 Rad8 16. Qc2 Qd7 17. Rad1 Qd5 18. Nf3 Qxa2 19. Rxd8 Rxd8 20. Nd4 Bd5 21. h4 h5 22. Bg5 Rc8 23. Qd2 Qc4 24. Bh6 Bh8 25. Qf4 Qc7 26. Qg5 Kh7 {1-0 Vachier Lagrave,M (2788)-Caruana,F (2795) chess.com gf blitz 5m+2spm 2016 (4)}) 12... cxd6 ({RR} 12... Nxd6 13. Nd4 Bd5 14. Nc2 Nc4 15. Ne3 Nxe3 16. Rxe3 c6 17. Nd2 Re8 18. Nf3 Rxe3 19. fxe3 Qb6 20. Qc2 Re8 21. a3 Qc5 22. Re1 Bxf3 23. gxf3 g5 24. Bg3 Rxe3 25. Rxe3 Qxe3+ 26. Kg2 Qe6 27. Qd2 {0-1 Tan,Y (1925)-Maldonado Gonzales,S (2245) 15th Dolomiti Open 2024 (1.7)}) 13. Nbd2 Nxd2 14. Qxd2 $146 ({RR} 14. Nxd2 Qf6 15. Bg3 Rfe8 16. Rxe8+ Rxe8 17. Nb3 Qe6 18. Nd4 Bxd4 19. cxd4 Qd5 20. f3 Bb5 21. a4 Bc4 22. Ra3 b5 23. axb5 Bxb5 24. Rc3 Kg7 25. h4 Re2 26. b3 Rb2 27. Kh2 Bd7 28. Qc1 Re2 {0-1 Lei,T (2505)-Vaishali,R (2393) Speed Chess (Women) Main blitz 2021 (1.14)}) 14... Qb6 15. Nd4 Rfe8 16. Nb3 Be5 17. Be3 Qc7 18. f4 Bg7 19. Qf2 Be4 20. Bd4 d5 21. Rac1 Bh6 22. Be3 Qc4 23. Bd4 Qc7 24. Be3 Bd3 25. Rcd1 Be4 26. Qh4 Bg7 27. Qf2 Rac8 28. Bd4 Bh6 29. Be5 Rxe5 30. fxe5 Qxe5 31. Nd2 Bf8 32. Nb3 Bd6 33. g3 h5 34. Qd4 Qxd4+ 35. Rxd4 Bc7 36. Rexe4 dxe4 37. Rxe4 Kg7 38. Nd4 Bd6 39. Nb3 Rc7 40. Kg2 Be7 41. Kf3 Bf6 42. Ke2 b5 43. Nc1 a5 44. Nd3 h4 45. Nf4 Rc5 46. Kd3 hxg3 47. hxg3 Rg5 48. Ne2 Rd5+ 49. Nd4 Bd8 50. c4 bxc4+ 51. Kxc4 Rh5 52. a3 Rh3 53. g4 Bf6 54. b3 Rg3 55. a4 Kh6 56. Ne2 Rh3 57. Nd4 Kg5 58. b4 axb4 59. Kxb4 Rd3 60. Kc4 Ra3 61. Kb5 Bd8 62. Nc6 Bc7 63. Re7 Bd6 64. Rxf7 Kxg4 65. Rf6 Bf4 66. Rxg6+ Kf5 67. Rg2 Be3 68. Rb2 Ke6 69. a5 Kd6 70. Nb4 Rc3 71. Ka6 Rc7 72. Rb3 Ra7+ 73. Kb5 Rb7+ 74. Ka4 Bd4 75. a6 Rb8 76. Rd3 Kc5 77. Rxd4 Kxd4 78. Nc6+ Kc5 79. Nxb8 Kb6 80. Kb4 Ka7 81. Kb5 Kxb8 82. Kb6 Ka8 83. a7 1/2-1/2

[Event "45th Olympiad 2024"]
[Site "Budapest HUN"]
[Date "2024.09.22"]
[Round "11.58"]
[Board "1"]
[White "Tan, Jun Ying"]
[Black "Blackman, Justin"]
[Result "1-0"]
[WhiteElo "2322"]
[BlackElo "2265"]
[PlyCount "131"]
[EventDate "2024.09.11"]
[WhiteTeam "Malaysia"]
[BlackTeam "Barbados"]
[WhiteTeamCountry "MAS"]
[BlackTeamCountry "BAR"]

1. d4 Nf6 2. c4 e6 3. Nc3 Bb4 4. a3 Bxc3+ 5. bxc3 c5 6. f3 Nc6 7. e4 d6 8. d5 Na5 9. Bd3 b6 10. Ne2 Ba6 11. O-O Qe7 12. Ng3 O-O-O 13. Qe2 $146 ({RR} 13. Rb1 Nd7 14. f4 h5 15. Rf2 Nf6 16. h3 h4 17. Nf1 exd5 18. exd5 Bxc4 19. Bxc4 Nxc4 20. Re2 Qc7 21. Qa4 Na5 22. c4 Qd7 23. Qc2 Rde8 24. Rf2 Re1 25. Rb2 Re4 26. Nd2 Rd4 27. Rb1 Nh5 {½-½ Jovanovski,T (1950)-Velkoski,S (1923) FRM-ch U18 Struga 2022 (5)}) ({RR} 13. f4 Bxc4 14. Bxc4 Nxc4 15. Qd3 Na5 16. c4 exd5 17. exd5 Rhe8 18. Bd2 Nb7 19. a4 a5 20. Rab1 Nd7 21. Rfe1 Qf6 22. Ne4 Qd4+ 23. Qxd4 cxd4 24. Ng5 h6 25. Nf3 Nbc5 26. Nxd4 Nxa4 27. Nc6 Rxe1+ {0-1 Tan,J (2322)-Nazari,A (2401) Titled Tue 3rd Sep Early 2024 (2)}) ({RR} 13. a4 Nd7 14. f4 h5 15. Re1 h4 16. Nf1 g5 17. fxg5 Ne5 18. Bf4 Ng6 19. Be3 Ne5 20. Bf4 Ng6 21. Be3 h3 22. g3 Ne5 23. Bf4 Nxd3 24. Qxd3 Bxc4 25. Qf3 e5 26. Be3 Rdf8 27. Nd2 Ba6 {1-0 Simonsen,C (2201)-Hacker,J (2406) OBRO CXU Int. 2023 (1.6)}) 13... h5 14. Bg5 h4 15. Nh1 Rh5 16. f4 Rxg5 17. fxg5 Nd7 18. Qh5 Ne5 19. Be2 Bxc4 20. Bxc4 Naxc4 21. Qxh4 Kb8 22. Qf4 Rh8 23. Ng3 g6 24. Ra2 Rh7 25. Qf6 Qxf6 26. Rxf6 Nd7 27. Rf4 Kc7 28. Raf2 Nce5 29. c4 Kd8 30. Rc2 Ke7 31. h3 Rh8 32. Rf1 Rh4 33. a4 exd5 34. cxd5 Nd3 35. Rd1 N7e5 36. Rc3 Nb4 37. Kf2 a6 38. Rb1 Kd7 39. Ke3 Rh8 40. Rcb3 Nc4+ 41. Ke2 a5 42. Rf3 Ne5 43. Rf4 c4 44. Kd2 Rc8 45. Ne2 b5 46. axb5 Nbd3 47. Rff1 Nc5 48. Nc3 a4 49. Ra1 Nb3+ 50. Ke3 Nxa1 51. Rxa1 Rb8 52. Rxa4 Rb7 53. Kd4 Ke7 54. Ra6 Nd7 55. Kxc4 Nb8 56. Ra4 f6 57. gxf6+ Kxf6 58. Kd4 Rc7 59. b6 Rb7 60. Rb4 Nd7 61. Na4 Kg5 62. Kc4 Kf4 63. Kb5 Nb8 64. Rc4 Re7 65. Nc3 Re8 66. Rc7 1-0

[Event "45th Olympiad 2024"]
[Site "Budapest HUN"]
[Date "2024.09.22"]
[Round "11.58"]
[Board "2"]
[White "Lynch, Kemp"]
[Black "Wong, Jianwen"]
[Result "1/2-1/2"]
[WhiteElo "1944"]
[BlackElo "2231"]
[PlyCount "160"]
[EventDate "2024.09.11"]
[WhiteTeam "Barbados"]
[BlackTeam "Malaysia"]
[WhiteTeamCountry "BAR"]
[BlackTeamCountry "MAS"]

1. d4 Nf6 2. Nc3 d6 3. e4 e5 4. dxe5 dxe5 5. Qxd8+ Kxd8 6. Bc4 Ke8 7. Nf3 Bd6 8. h3 Nbd7 9. Be3 Ke7 $146 ({RR} 9... a6 10. a4 b6 11. Nd2 Bb7 12. O-O h6 13. Rfd1 Kf8 14. f3 g6 15. Nf1 Kg7 16. Bf2 Rhd8 17. Ne3 Bc5 18. Ned5 Bxf2+ 19. Kxf2 c6 20. Ne3 b5 21. axb5 axb5 22. Bf1 Nc5 23. Rxa8 Rxa8 24. g4 {1-0 Bivol,A (2370)-Borisova,E (2256) Moscow-ch Rapid (Women) 2021 (8)}) ({RR} 9... a6 10. a4 h6 11. Nd2 b6 12. Nb3 Bb7 13. f3 Ke7 14. O-O-O Rhb8 15. g4 Bc6 16. h4 b5 17. Na5 Bb7 18. Nxb7 Rxb7 19. Nd5+ Ke8 20. Bb3 Bc5 21. Nxf6+ {1-0 Tabatabaei,M (2696)-Kadric,D (2584) Titled Tue 30th Jan Early 2024 (9)}) ({RR} 9... a6 10. a4 b6 11. O-O-O Bb7 12. Rhe1 Ke7 13. Bg5 Rhd8 14. Nd5+ Kf8 15. Nxf6 Nxf6 16. Bxf6 gxf6 17. Nh4 Bc5 18. Re2 Rxd1+ 19. Kxd1 Rd8+ 20. Bd3 Bc8 21. Kc1 a5 22. b3 Ke7 23. Bc4 Be6 24. Bxe6 {0-1 Demchenko,A (2609)-Yelisieiev,Y (2402) Titled Tue 11th Jun Early 2024 (2)}) ({RR} 9... a6 10. a3 b5 11. Bd5 Nxd5 12. Nxd5 Bb7 13. O-O-O Bxd5 14. exd5 f6 15. g4 Kf7 16. Nd2 h5 17. Ne4 hxg4 18. hxg4 g6 19. Ng3 Kg7 20. Kd2 Rad8 21. Ke2 Rxh1 22. Rxh1 Bc5 23. Bh6+ Kf7 24. Bd2 {½-½ Quesada Perez,Y (2598)-Almeida Quintana,O (2534) 32nd Carlos Torre Mem 2022 (7.2)}) ({RR} 9... Bb4 10. Nd2 c6 11. a4 Bc5 12. Ke2 Ke7 13. g3 a5 14. f4 Bxe3 15. Kxe3 Nb6 16. f5 Rd8 17. g4 Rxd2 18. Kxd2 Nxc4+ 19. Kc1 h6 20. b3 Nd6 21. Re1 b6 22. Kd2 Bb7 23. Ke3 c5 24. Kf3 {0-1 Kuznetsov,M (2203)-Komliakov,V (2444) Moscow 2008 (9)}) 10. O-O Nb6 11. Bd3 h6 12. a4 a6 13. Nd2 Be6 14. a5 Nbd7 15. Nc4 Rhd8 16. Nxd6 cxd6 17. Na4 Rac8 18. Nb6 Nxb6 19. Bxb6 Rd7 20. Rfd1 Bc4 21. b3 Bxd3 22. cxd3 d5 23. Rac1 Rxc1 24. Rxc1 dxe4 25. dxe4 Nxe4 26. Re1 Nc3 27. Rxe5+ Kd6 28. Re8 Nd5 29. Bd4 f6 30. Rc8 Rc7 31. Rd8+ Kc6 32. g3 Ne7 33. Bb6 Rd7 34. Rxd7 Kxd7 35. b4 h5 36. Bc5 Nd5 37. Bf8 g6 38. g4 hxg4 39. hxg4 Kc6 40. Kg2 Kb5 41. Kf3 Nxb4 42. Ke4 Kc4 43. Be7 Nd5 44. Bd8 Nc3+ 45. Kf4 Nd5+ 46. Ke4 Kc5 47. f3 Kd6 48. Kd4 f5 49. gxf5 gxf5 50. Bg5 b6 51. axb6 Nxb6 52. Bf4+ Ke6 53. Kc5 Nc8 54. Bg3 Ne7 55. Kb6 Kd5 56. Kxa6 Nc6 57. Bc7 Nd4 58. f4 Ne6 59. Bb8 Nc5+ 60. Kb5 Nd3 61. Bc7 Kd4 62. Bb8 Ke4 63. Kc4 Nxf4 64. Kc3 Nd3 65. Kd2 Nb4 66. Ke2 Nc6 67. Bc7 Nd4+ 68. Kf2 Nb5 69. Bb8 Nc3 70. Bc7 Nd1+ 71. Ke2 Nb2 72. Bb8 Na4 73. Bc7 Nc3+ 74. Kf2 Nd5 75. Bb8 Nf4 76. Bc7 Nh3+ 77. Kg2 Ng5 78. Kf2 Ne6 79. Bb8 Nf4 80. Bc7 Nd3+ 1/2-1/2